Norderstedt Stadt-Quiz - Statistiken

Allgemein
  • Dieses Quiz wurde 7 mal gespielt
  • Das Durchschnittsergebnis liegt bei 7 aus 10
Antwortstatistiken
Hint Antwort % Korrekt
Welche Hamburger U-Bahn-Linie verkehrt hier? U1
100%
Wie viele Gymnasien gibt es in Norderstedt? 4
86%
Wie viele Fußballvereine gibt es in Norderstedt? 5
86%
Welche AKN-Linie verkehrt hier? A2
71%
Wie heißt der größte von ihnen? (Tipp: Er spielt in der Regionalliga Nord) Eintracht
57%
Wie heißt der Bach, der durch Norderstedr fließt, nach dem auch ein Park und eine Sporthalle benannt sind? Moorbek
57%
Wie heißt der Fernsehsender? noa4
57%
Wie wird der Stadtteil von den meisten Jugendlichen genannt? NoMi
57%
Wie heißt der Stadtteil, in dem sich der „Hauptbahnhof“ befindet? Norderstedt-Mitte
57%
Wie heißt die Oberbürgermeisterin? Katrin Schmieder
43%
Keine übereinstimmenden Quizze gefunden
Verteilung der Resultate
Anzahl Personen mit jedem Resultat
Perzentil nach korrekt beantworteten Fragen
Ihre Resultats-Entwicklung
Sie haben dieses Quiz noch nicht gespielt